000 00204 a2200097 4500
001 2882
100 _aShepleg, J.R.
245 _aThe hydrogen bomb
260 _a
_bDavid Mokay Co
_c
090 _c2175
_d2175
942 _aNUST-CAE
_cM
_c13058
999 _c237955
_d237955